000 00596nam a2200193Ia 4500
005 20260114185649.0
008 008 260114s9999 xx 000 0 eng d
020 _a9781474211154
037 _aEBOOK
040 _aCRL
_beng
_cCRL
041 _aeng
_2eng
084 _qCRL
100 _aGajendra Singh
_9872858
245 4 _aThe Testimonies of Indian Soldiers and the Two World Wars Between Self and Sepoy
260 _bBloomsbury
_c2014
856 _uhttps://doi.org/10.5040/9781474211154?locatt=label:secondary_bloomsburyCollections
942 _cEBOOK
999 _c1471806
_d1471806